LEADER 05556nam 2200817Ia 450 001 9910812726203321 005 20200520144314.0 010 $a9786611284923 010 $a9781119201861 010 $a1119201861 010 $a9781281284921 010 $a1281284920 010 $a9780470267912 010 $a0470267917 035 $a(CKB)1000000000404797 035 $a(EBL)335757 035 $a(OCoLC)437204802 035 $a(SSID)ssj0000125521 035 $a(PQKBManifestationID)11139871 035 $a(PQKBTitleCode)TC0000125521 035 $a(PQKBWorkID)10047744 035 $a(PQKB)10004862 035 $a(Au-PeEL)EBL335757 035 $a(CaPaEBR)ebr10296331 035 $a(CaONFJC)MIL128492 035 $a(OCoLC)1285724641 035 $a(FINmELB)ELB177513 035 $a(MiAaPQ)EBC335757 035 $a(Perlego)2778002 035 $a(EXLCZ)991000000000404797 100 $a20080229d2008 uy 0 101 0 $aeng 135 $aur|n|---||||| 181 $ctxt 182 $cc 183 $acr 200 14$aThe commitments of traders bible $ehow to profit from insider market intelligence /$fStephen Briese 205 $a1st ed. 210 $aHoboken, NJ $cJ. Wiley & Sons$d2008 215 $a1 online resource (309 p.) 225 1 $aWiley Trading ;$vv.325 300 $aDescription based upon print version of record. 311 08$a9780470178423 311 08$a0470178426 320 $aIncludes bibliographical references and index. 327 $aThe Commitments of Traders Bible: How to Profit from Insider Market Intelligence; Contents; List of Illustrations; List of Tables; Preface; WHAT IS THE COMMITMENTS REPORT?; WHO USES THE COT DATA?; HOW THIS BOOK IS ORGANIZED; GETTING STARTED; Acknowledgments; Part I: COT Theory; Chapter 1: The COT-Assorted History; THE GRAIN FUTURES ADMINISTRATION; THE COMMODITY EXCHANGE AUTHORITY; THE COMMODITY FUTURES TRADING COMMISSION; THE MODERN COT DATA; COT OPTIONS AND FUTURES COMBINED REPORT; COT-SUPPLEMENTAL COMMODITY INDEX TRADER REPORT; A FABLE; Chapter 2: COT Reports-Counting 1, 2, 3; THE LONG FORM 327 $aTHE SHORT FORMCOT-SUPPLEMENTAL COMMODITY INDEX REPORT; Chapter 3: Player Introductions; SIZING THEM UP; THE REPORTING SYSTEM; COMMERCIAL HEDGERS; LARGE SPECULATORS; COMMODITY INDEX TRADERS; SMALL TRADERS; Chapter 4: Fading Small Speculators and Other Half-Baked Schemes; TIP: ALWAYS FOLLOW COMMERCIALS; TIP: NET LONG IS BULLISH; NET SHORT BEARISH; TIP: ALWAYS FADE THE SMALL SPECULATOR; TIP: IT IS ONLY LOGICAL TO COMPARE HEDGING TO THE SEASONAL AVERAGE; TIP: THE COT IS OLD NEWS BY THE TIME IT IS RELEASED; Chapter 5: Net Positions; OPEN INTEREST; CONSTRUCTING NET POSITIONS CHARTS 327 $aLARGE SPECULATOR PATTERNSCOMMERCIAL PATTERNS; SMALL TRADER PATTERNS; COMMODITY INDEX TRADERS; Chapter 6: The COT Index; COT INDEX CALCULATION (COMMERCIALS); ALTERNATIVE LOOK-BACK PERIODS; THE COT INDEX AS THE GREAT NORMALIZER; INTERPRETING THE COT INDEX; HEAL THYSELF; Chapter 7: COT Movement Index; COMMERCIAL MOVEMENT INDEX; 40 POINT COT SURGE RULES (COMMERCIALS); COMBINING THE INDEXES; FUND MOVEMENT INDEX; Chapter 8: View from the Gallery; KEYNES'S THEORY OF NORMAL BACKWARDATION; CAN SPECULATORS FORECAST PRICES?; RETURNS TO SPECULATORS AND THE THEORY OF NORMAL BACKWARDATION 327 $aRETURNS TO INDIVIDUAL TRADERS OF FUTURES: AGGREGATE RESULTSLUCK VERSUS FORECAST ABILITY: DETERMINANTS OF TRADER PERFORMANCE IN FUTURES MARKETS; THE RETURNS AND FORECASTING ABILITY OF LARGE TRADERS IN THE FROZEN PORK BELLIES FUTURES MARKET; HEDGING PRESSURE EFFECTS IN FUTURES MARKETS; HEDGING DEMAND AND FOREIGN EXCHANGE RISK PREMIA; INVESTOR SENTIMENT AND RETURN PREDICTABILITY IN AGRICULTURAL FUTURES MARKETS; THE BEHAVIOR AND PERFORMANCE OF MAJOR TYPES OF FUTURES TRADERS; EXCHANGE RATE CHANGES AND NET POSITIONS OF SPECULATORS IN THE FUTURES MARKET 327 $aTHE PROFITABILITY OF SPECULATORS IN CURRENCY FUTURES MARKETSSUMMARY; Chapter 9: View from the Pits; THE STUDY DATA; THE TRADING RULES; TRADING RULES TEST RESULTS; TRADING SYSTEM CONSIDERATIONS; Chapter 10: Chart Pattern Validation; A BRIEF CHARTING PRIMER; BOTTOM FORMATIONS; TOP FORMATIONS; CONTINUATION PATTERNS; Chapter 11: Getting Technical; COT-STOCHASTICS; COT MACD-HISTOGRAM; COT-RSI; STANDARD DEVIATION (BOLLINGER) BANDS; CONCLUSIONS; Part II: COT in Practice; Chapter 12: Crossing Currencies; COMMERCIALS; U.S. DOLLAR INDEX; CURRENCY CORRELATION TABLES 327 $aCURRENCY FUTURES HISTORICAL COT CHARTS 330 $aRegardless of your trading methods, and no matter what markets you're involved in, there is a Commitments of Traders (COT) report that you should be reviewing every week. Nobody understands this better than Stephen Briese, an industry-leading expert on COT data. And now, with The Commitments of Traders Bible, Briese reveals how to use the predictive power of COT data-and accurately interpret it-in order to analyze market movements and achieve investment success. 410 0$aWiley Trading 517 3 $aTraders bible 606 $aCommodity exchanges 606 $aStocks 606 $aInvestment analysis 615 0$aCommodity exchanges. 615 0$aStocks. 615 0$aInvestment analysis. 676 $a332.6 676 $a332.64/4 676 $a332.644 700 $aBriese$b Stephen E.$f1948-$01636954 801 0$bMiAaPQ 801 1$bMiAaPQ 801 2$bMiAaPQ 906 $aBOOK 912 $a9910812726203321 996 $aThe commitments of traders bible$93978513 997 $aUNINA LEADER 03285nam 2200697 a 450 001 9911020362503321 005 20200520144314.0 010 $a9786613620071 010 $a9781280590245 010 $a1280590246 010 $a9780470719770 010 $a047071977X 010 $a9780470717424 010 $a0470717424 035 $a(CKB)1000000000687999 035 $a(EBL)703819 035 $a(OCoLC)775867847 035 $a(SSID)ssj0000715177 035 $a(PQKBManifestationID)11471073 035 $a(PQKBTitleCode)TC0000715177 035 $a(PQKBWorkID)10700477 035 $a(PQKB)10814699 035 $a(MiAaPQ)EBC703819 035 $a(Perlego)2759431 035 $a(EXLCZ)991000000000687999 100 $a20710630d1970 uy 0 101 0 $aeng 135 $aur|n|---||||| 181 $ctxt 182 $cc 183 $acr 200 10$aEnergy metabolism in trauma $ea Ciba Foundation Symposium /$fedited by Ruth Porter and Julie Knight 210 $aLondon $cChurchill$d1970 215 $a1 online resource (216 p.) 225 1 $aCiba Foundation symposium 300 $aDescription based upon print version of record. 311 08$a9780470662823 311 08$a0470662824 311 08$a9780700014873 311 08$a070001487X 320 $aIncludes bibliographical references and indexes. 327 $aENERGY METABOLISM IN TRAUMA; Contents; The acute effects of trauma on heat production; Discussion; Changes in energy metabolism during recovery from injury; Discussion; General discussion; The protein component of the disturbance of energy metabolism in trauma; Discussion; Protein catabolism and energy utilization in burned patients treated at different environmental temperatures; Discussion; Synthesis and turnover of acute-phase reactants; Discussion; General discussion; Carbohydrate and nitrogen metabolism after injury; Discussion 327 $aIntermediary carbohydrate metabolism in injured rat liver in relation to heat production Discussion; Effects of E. coli lipopolysaccharide B treatment of rats on gluconeogenesis; Discussion; Mobilization and utilization of lipids after trauma: relation to caloric homeostasis; Discussion; Ketone body metabolism after trauma; Discussion; General discussion; Author Index; Subject Index 330 8 $aThe Novartis Foundation Series is a popular collection of the proceedings from Novartis Foundation Symposia, in which groups of leading scientists from a range of topics across biology, chemistry and medicine assembled to present papers and discuss results. The Novartis Foundation, originally known as the Ciba Foundation, is well known to scientists and clinicians around the world. 410 0$aCiba Foundation symposium. 606 $aWounds and injuries$vCongresses 606 $aEnergy metabolism$vCongresses 615 0$aWounds and injuries 615 0$aEnergy metabolism 676 $a617/.21 701 $aPorter$b Ruth$064811 701 $aKnight$b Julie$0512647 712 02$aCiba Foundation. 712 12$aSymposium on Energy Metabolism in Trauma 801 0$bMiAaPQ 801 1$bMiAaPQ 801 2$bMiAaPQ 906 $aBOOK 912 $a9911020362503321 996 $aEnergy metabolism in trauma$91954844 997 $aUNINA